A study... of the land utilization of the parish of St. Catherine, Jamaica Vol. I II [Typescript] (Record no. 85905)

MARC details
000 -LEADER
fixed length control field 00431cam a2200169 4500
001 - CONTROL NUMBER
control field D12448
008 - FIXED-LENGTH DATA ELEMENTS--GENERAL INFORMATION
fixed length control field 090401t1965 xxu||||| |||| 00| 0 eng d
035 ## - SYSTEM CONTROL NUMBER
System control number (Sirsi) u3588
041 ## - LANGUAGE CODE
Language code of text/sound track or separate title eng
100 ## - MAIN ENTRY--PERSONAL NAME
Personal name Collins, W.G.
245 #2 - TITLE STATEMENT
Title A study... of the land utilization of the parish of St. Catherine, Jamaica Vol. I II [Typescript]
260 ## - PUBLICATION, DISTRIBUTION, ETC.
Date of publication, distribution, etc. 1965
350 ## - PRICE (NR) (BK AM CF MU VM SE) [OBSOLETE]
Price 0
520 ## - SUMMARY, ETC.
Summary, etc. Shelf 178
942 ## - ADDED ENTRY ELEMENTS (KOHA)
Suppress in OPAC 0
948 ## - LOCAL PROCESSING INFORMATION (OCLC); SERIES PART DESIGNATOR (RLIN)
c (OCLC) 04/03/1997
Holdings
Withdrawn status Lost status Source of classification or shelving scheme Damaged status Not for loan Home library Current library Shelving location Date acquired Total Checkouts Full call number Barcode Date last seen Copy number Price effective from Koha item type
    Other/Generic Classification Scheme     London London Basement 14/09/1999   SHELF 178 30014265 06/08/2019 1 06/08/2019 Reference material
    Other/Generic Classification Scheme     London London Basement 13/08/1991   SHELF 178 30014266 06/08/2019 2 06/08/2019 Reference material